000 00634nam a2200205 a 4500
001 000004763
005 20200929151511.0
008 090727s1973 sp a 000 0 spa d
040 _aDO-SdBNP
082 _axxxx
_bS697q
100 1 _aSommermeyer, Anne
_913831
245 1 0 _a¿Qué autoridad? /
_cAnne Sommermeyer, C. Duval.
260 _aBarcelona, España :
_bHerder,
_c1973.
300 _a98 p. :
_bil. ;
_c18 cm.
440 0 _pNuestros Hijos
_n4
_913832
504 _aIncluye referencias bibliográficas notas al pie de las páginas
504 _aIncluye bibliografías (p. 97-98)
700 1 _aDuval, C.
_913833
049 _aBNPD
999 _c4569
_d4569